000 00288nam a2200133 i 4500
001 bg
245 0 _aMikroelektronika :
_bsbornik statej.
250 _aWyd.8.
260 _aMoskva,
_c1975.
040 _cBPK
041 _apol
942 _cKS
008 s pl f |000 0 pol
999 _c16786
_d16786
856 _uhttp://koha.tu.koszalin.pl/cgi-bin/koha/opac-detail.pl?biblionumber=16786
_yKatalog online BPK